000 00632nab a2200181 4500
001 244442
003 OSt
005 20230602122330.0
007 tu
008 200917s2020|||||||
040 _aDE-2950
_cDE-2950
245 0 0 _aForderungen und Gespräche.
_bInitiative. In Frankfurt formiert sich ein Verein, der die Anliegen der Jüngeren auf kommunaler, landes- und bundesweiter Ebene in die Politik einbringen möchte /
_cSelim Pekel
264 _c2023
653 _aFrankfurt (Oder)
653 _aVerein Youthpact
773 0 _g34. Jahrgang (2023) Nr. 125 vom 01.06.2023, S. 15: mit Foto
_tMärkische Oderzeitung
942 _2z
_cA
999 _c372506
_d372506